000 00893nam a2200241 a 4500
001 BRCA_8866
005 20190320210436.0
008 140617s1781----it-#######---#000-0#lat-#
041 _alat
044 _ait
084 _aBE247
_b.M87 1781
100 1 _aMusschenbroek, Petro van
_d1692 - 1761
_922080
245 1 0 _aElementa physicae conscripta in usus academicos
_ca Petro van Musschenbroek; opera et Studio V. CL. Antonio Genuensis.
250 _a5a ed.
260 _aBassani
_bApud Remondini
_c1781
300 _a356 p. (t.2)
_c18.5 x 12.5 cm.
500 _aSuperiorum permissu, ac Privilegio
500 _aEstado físico: presenta encuadernación en pergamino deteriorado, con cintas rotas y sin portada; se anexaron las hojas preliminares y la portada
650 1 4 _aFísica
_yObras anteriores a 1800
_922081
700 1 _aGenuensis, Antoni
_922082
902 _aCFM
942 _2lcc
_cB
999 _c8517
_d8517